00210nam a2200073 4500082001500000245004800015260006500063300000800128 a577.14 WOR aWorkshop on Chemical Aspects of Environment aColombobDepartment of Chemistry University of Colomboc1997 a100